Marketing promotion policies in agriculture / (Record no. 47693)

MARC details
000 -LEADER
fixed length control field 00495nam a2200193Ia 4500
005 - DATE AND TIME OF LATEST TRANSACTION
control field 20260122095432.0
008 - FIXED-LENGTH DATA ELEMENTS--GENERAL INFORMATION
fixed length control field 260121s9999||||xx |||||||||||||| ||und||
020 ## - INTERNATIONAL STANDARD BOOK NUMBER
International Standard Book Number 9788192173870
082 ## - DEWEY DECIMAL CLASSIFICATION NUMBER
Classification number 658.80963
Item number SHA
100 ## - MAIN ENTRY--PERSONAL NAME
Personal name Sharma, Premjit
245 #0 - TITLE STATEMENT
Title Marketing promotion policies in agriculture /
260 ## - PUBLICATION, DISTRIBUTION, ETC. (IMPRINT)
Place of publication, distribution, etc New Delhi :
Name of publisher, distributor, etc Bio-Green,
Date of publication, distribution, etc 2011.
300 ## - PHYSICAL DESCRIPTION
Extent vi, 304 p.; pbk
650 ## - SUBJECT ADDED ENTRY--TOPICAL TERM
Topical term or geographic name as entry element Agriculture
650 ## - SUBJECT ADDED ENTRY--TOPICAL TERM
Topical term or geographic name as entry element Marketing
650 ## - SUBJECT ADDED ENTRY--TOPICAL TERM
Topical term or geographic name as entry element Policies
650 ## - SUBJECT ADDED ENTRY--TOPICAL TERM
Topical term or geographic name as entry element Promotion
942 ## - ADDED ENTRY ELEMENTS (KOHA)
Koha item type Text Books
Holdings
Date last seen Total Checkouts Full call number Barcode Price effective from Koha item type Lost status Damaged status Not for loan Collection code Withdrawn status Home library Current library Shelving location Date acquired Source of acquisition
22/01/2026   658.80963 SHA 53378 22/01/2026 Text Books       Non-fiction   CUTN Central Library CUTN Central Library Medicine, Technology & Management 22/01/2026 Shanti Books, Chennai - Invoice No. - 1644 on 05-03-2025